<?xml version="1.0" encoding="UTF-8"?>
<collection xmlns="http://www.loc.gov/MARC21/slim">
 <record>
  <leader>03248cam a2200601   4500</leader>
  <controlfield tag="001">211543519</controlfield>
  <controlfield tag="003">DE-627</controlfield>
  <controlfield tag="005">20240719034059.0</controlfield>
  <controlfield tag="007">tu</controlfield>
  <controlfield tag="008">960606s1971    gw |||||      00| ||ger c</controlfield>
  <datafield tag="016" ind1="7" ind2=" ">
   <subfield code="a">455598258</subfield>
   <subfield code="2">DE-101</subfield>
  </datafield>
  <datafield tag="020" ind1=" " ind2=" ">
   <subfield code="a">3879400474</subfield>
   <subfield code="c">kart. : 14.80</subfield>
   <subfield code="9">3-87940-047-4</subfield>
  </datafield>
  <datafield tag="035" ind1=" " ind2=" ">
   <subfield code="a">(DE-627)211543519</subfield>
  </datafield>
  <datafield tag="035" ind1=" " ind2=" ">
   <subfield code="a">(DE-576)005026466</subfield>
  </datafield>
  <datafield tag="035" ind1=" " ind2=" ">
   <subfield code="a">(DE-599)GBV211543519</subfield>
  </datafield>
  <datafield tag="035" ind1=" " ind2=" ">
   <subfield code="a">(OCoLC)164245302</subfield>
  </datafield>
  <datafield tag="035" ind1=" " ind2=" ">
   <subfield code="a">(OCoLC)164245302</subfield>
  </datafield>
  <datafield tag="035" ind1=" " ind2=" ">
   <subfield code="a">(OCoLC)645709239</subfield>
  </datafield>
  <datafield tag="035" ind1=" " ind2=" ">
   <subfield code="a">(DE-604)8019485190</subfield>
  </datafield>
  <datafield tag="040" ind1=" " ind2=" ">
   <subfield code="a">DE-627</subfield>
   <subfield code="b">ger</subfield>
   <subfield code="c">DE-627</subfield>
   <subfield code="e">rakwb</subfield>
  </datafield>
  <datafield tag="041" ind1=" " ind2=" ">
   <subfield code="a">ger</subfield>
  </datafield>
  <datafield tag="044" ind1=" " ind2=" ">
   <subfield code="c">XA-DE</subfield>
   <subfield code="c">XA-DE-BW</subfield>
  </datafield>
  <datafield tag="084" ind1=" " ind2=" ">
   <subfield code="a">12a</subfield>
   <subfield code="a">700</subfield>
   <subfield code="a">710</subfield>
   <subfield code="a">720</subfield>
   <subfield code="a">730</subfield>
   <subfield code="a">740</subfield>
   <subfield code="a">750</subfield>
   <subfield code="a">760</subfield>
   <subfield code="a">900</subfield>
   <subfield code="a">930</subfield>
   <subfield code="2">sdnb</subfield>
  </datafield>
  <datafield tag="084" ind1=" " ind2=" ">
   <subfield code="a">9,10</subfield>
   <subfield code="2">ssgn</subfield>
  </datafield>
  <datafield tag="084" ind1=" " ind2=" ">
   <subfield code="a">LI 21805</subfield>
   <subfield code="2">rvk</subfield>
   <subfield code="0">(DE-625)rvk/95753:13283</subfield>
  </datafield>
  <datafield tag="084" ind1=" " ind2=" ">
   <subfield code="a">AL 54701</subfield>
   <subfield code="2">rvk</subfield>
   <subfield code="0">(DE-625)rvk/3762:586</subfield>
  </datafield>
  <datafield tag="100" ind1="1" ind2=" ">
   <subfield code="a">Badt, Kurt</subfield>
   <subfield code="d">1890-1973</subfield>
   <subfield code="0">(DE-588)118505742</subfield>
   <subfield code="0">(DE-627)079310087</subfield>
   <subfield code="0">(DE-576)160141052</subfield>
   <subfield code="4">aut</subfield>
  </datafield>
  <datafield tag="245" ind1="1" ind2="4">
   <subfield code="a">Das Spätwerk Cézannes</subfield>
   <subfield code="c">Kurt Badt</subfield>
  </datafield>
  <datafield tag="264" ind1=" " ind2="1">
   <subfield code="a">Konstanz</subfield>
   <subfield code="b">Druckerei und Verlagsanst. Konstanz Universitätsverl.</subfield>
   <subfield code="c">1971</subfield>
  </datafield>
  <datafield tag="300" ind1=" " ind2=" ">
   <subfield code="a">61 S.</subfield>
   <subfield code="b">Ill.</subfield>
  </datafield>
  <datafield tag="336" ind1=" " ind2=" ">
   <subfield code="a">Text</subfield>
   <subfield code="b">txt</subfield>
   <subfield code="2">rdacontent</subfield>
  </datafield>
  <datafield tag="337" ind1=" " ind2=" ">
   <subfield code="a">ohne Hilfsmittel zu benutzen</subfield>
   <subfield code="b">n</subfield>
   <subfield code="2">rdamedia</subfield>
  </datafield>
  <datafield tag="338" ind1=" " ind2=" ">
   <subfield code="a">Band</subfield>
   <subfield code="b">nc</subfield>
   <subfield code="2">rdacarrier</subfield>
  </datafield>
  <datafield tag="490" ind1="1" ind2=" ">
   <subfield code="a">Konstanzer Universitätsreden / Universität Konstanz</subfield>
   <subfield code="v">40</subfield>
  </datafield>
  <datafield tag="583" ind1="1" ind2=" ">
   <subfield code="3">Signatur: OSA 128 ,40</subfield>
   <subfield code="a">Massenentsäuert</subfield>
   <subfield code="c">20181024</subfield>
   <subfield code="i">METE</subfield>
   <subfield code="2">pdager</subfield>
   <subfield code="5">DE-31</subfield>
  </datafield>
  <datafield tag="583" ind1="1" ind2=" ">
   <subfield code="a">Archivierung/Langzeitarchivierung gewährleistet</subfield>
   <subfield code="f">SLG</subfield>
   <subfield code="x">XA-DE-BW</subfield>
   <subfield code="z">Oberrhein</subfield>
   <subfield code="2">pdager</subfield>
   <subfield code="5">DE-31</subfield>
  </datafield>
  <datafield tag="583" ind1="1" ind2=" ">
   <subfield code="a">Archivierung/Langzeitarchivierung gewährleistet</subfield>
   <subfield code="f">PEBW</subfield>
   <subfield code="x">XA-DE-BW</subfield>
   <subfield code="2">pdager</subfield>
   <subfield code="5">DE-31</subfield>
  </datafield>
  <datafield tag="583" ind1="1" ind2=" ">
   <subfield code="a">Archivierung/Langzeitarchivierung gewährleistet</subfield>
   <subfield code="f">SSG</subfield>
   <subfield code="x">XA-DE-BW</subfield>
   <subfield code="2">pdager</subfield>
   <subfield code="5">DE-16</subfield>
  </datafield>
  <datafield tag="689" ind1="0" ind2="0">
   <subfield code="d">p</subfield>
   <subfield code="0">(DE-588)118519964</subfield>
   <subfield code="0">(DE-627)145379957</subfield>
   <subfield code="0">(DE-576)160581893</subfield>
   <subfield code="a">Cézanne, Paul</subfield>
   <subfield code="d">1839-1906</subfield>
   <subfield code="2">gnd</subfield>
  </datafield>
  <datafield tag="689" ind1="0" ind2="1">
   <subfield code="d">s</subfield>
   <subfield code="0">(DE-588)4182024-1</subfield>
   <subfield code="0">(DE-627)104789611</subfield>
   <subfield code="0">(DE-576)210008660</subfield>
   <subfield code="a">Spätwerk</subfield>
   <subfield code="2">gnd</subfield>
  </datafield>
  <datafield tag="689" ind1="0" ind2=" ">
   <subfield code="5">(DE-627)</subfield>
  </datafield>
  <datafield tag="700" ind1="1" ind2=" ">
   <subfield code="a">Cézanne, Paul</subfield>
   <subfield code="d">1839-1906</subfield>
   <subfield code="0">(DE-588)118519964</subfield>
   <subfield code="0">(DE-627)145379957</subfield>
   <subfield code="0">(DE-576)160581893</subfield>
   <subfield code="4">oth</subfield>
  </datafield>
  <datafield tag="787" ind1="0" ind2="8">
   <subfield code="i">Rezensiert in</subfield>
   <subfield code="a">Neumeyer, Alfred, 1901 - 1973</subfield>
   <subfield code="t">[Rezension von: Kurt Badt, Das Spätwerk Cezannes]</subfield>
   <subfield code="d">Nürnberg : Carl, 1972</subfield>
   <subfield code="w">(DE-627)1693263661</subfield>
  </datafield>
  <datafield tag="830" ind1=" " ind2="0">
   <subfield code="a">Konstanzer Universitätsreden</subfield>
   <subfield code="v">40</subfield>
   <subfield code="9">40</subfield>
   <subfield code="w">(DE-627)130107581</subfield>
   <subfield code="w">(DE-576)015640507</subfield>
   <subfield code="w">(DE-600)503349-4</subfield>
   <subfield code="x">0454-3335</subfield>
   <subfield code="7">ns</subfield>
  </datafield>
  <datafield tag="889" ind1=" " ind2=" ">
   <subfield code="w">(DE-627)1793872015</subfield>
  </datafield>
  <datafield tag="935" ind1=" " ind2=" ">
   <subfield code="i">Blocktest</subfield>
  </datafield>
  <datafield tag="936" ind1="r" ind2="v">
   <subfield code="a">LI 21805</subfield>
   <subfield code="b">Biografien, Werkdarstellungen, Gedenkreden und andere Gesamtwürdigungen (Sammelwerke, Festschriften etc.)</subfield>
   <subfield code="k">Kunstgeschichte</subfield>
   <subfield code="k">Künstler-Monografien</subfield>
   <subfield code="k">Alphabetische Künstlerliste</subfield>
   <subfield code="k">Künstler C</subfield>
   <subfield code="k">Cézanne, Paul (bis 21810)</subfield>
   <subfield code="k">Biografien, Werkdarstellungen, Gedenkreden und andere Gesamtwürdigungen (Sammelwerke, Festschriften etc.)</subfield>
   <subfield code="0">(DE-627)1271743582</subfield>
   <subfield code="0">(DE-625)rvk/95753:13283</subfield>
   <subfield code="0">(DE-576)201743582</subfield>
  </datafield>
  <datafield tag="936" ind1="r" ind2="v">
   <subfield code="a">AL 54701</subfield>
   <subfield code="b">Zeitschriften, Serien</subfield>
   <subfield code="k">Allgemeines</subfield>
   <subfield code="k">Hochschul- und Universitätswesen</subfield>
   <subfield code="k">Hochschulwesen einzelner Länder und einzelne Hochschulen</subfield>
   <subfield code="k">Hochschulen deutschsprachiger Länder</subfield>
   <subfield code="k">Hochschulen - Deutschland</subfield>
   <subfield code="k">Konstanz</subfield>
   <subfield code="k">Universität</subfield>
   <subfield code="k">Zeitschriften, Serien</subfield>
   <subfield code="0">(DE-627)1271488256</subfield>
   <subfield code="0">(DE-625)rvk/3762:586</subfield>
   <subfield code="0">(DE-576)201488256</subfield>
  </datafield>
  <datafield tag="951" ind1=" " ind2=" ">
   <subfield code="a">BO</subfield>
  </datafield>
  <datafield tag="990" ind1=" " ind2=" ">
   <subfield code="a">Cézanne, Paul</subfield>
  </datafield>
  <datafield tag="990" ind1=" " ind2=" ">
   <subfield code="a">Spätwerk</subfield>
  </datafield>
  <datafield tag="991" ind1=" " ind2=" ">
   <subfield code="a">Rezensiertes Werk</subfield>
  </datafield>
  <datafield tag="999" ind1=" " ind2=" ">
   <subfield code="a">KXP-PPN211543519</subfield>
   <subfield code="e">402288441X</subfield>
  </datafield>
 </record>
</collection>
